00607cam a22002171 4500001001300000003000400013005001700017008004100034010001700075035002000092040002300112042001200135050002300147100002000170245006000190250001800250260003900268300002700307600003800334999001700372sa 67002988 DLC20260227112335.0840130s1965 ii a 001 0 eng  asa 67002988  a(OCoLC)10353571 aDLCcMiRochOUdDLC apremarc00aDS481.S48bM3 19651 aMankekar, D. R.10aLal Bahadur, a political biographyc[by] D.R. Mankekar. a[2d rev. ed.] aBombay,bPopular Prakashanc[1965] a175 p.billus.c23 cm.10aShastri, Lal Bahadur,d1904-1966. c73577d73577